Family of Fallen Leaves : Stories of Agent Orange by Vietnamese Writers /
Obra que reúne doce cuentos y un ensayo de escritores vietnamitas que relatan las devastadoras consecuencias para la salud de las personas, provocadas por el producto químico conocido como agente naranja, herbicida y defoliante que Estados Unidos utilizó en la década de los sesenta durante la guerra...
Salvato in:
| Autore principale: | |
|---|---|
| Altri autori: | |
| Natura: | Libro |
| Lingua: | inglese |
| Pubblicazione: |
Atenas, EUA :
University of Georgia,
2010, c2010
Birmingham, EUA : EBSCOhost [distribución], 2010 |
| Soggetti: | |
| Accesso online: | Ver documento en línea |
| Tags: |
Nessun Tag, puoi essere il primo ad aggiungerne!!
|
MARC
| LEADER | 00000nam^a2200000^a^4500 | ||
|---|---|---|---|
| 001 | 000362119 | ||
| 005 | 20251023000000.0 | ||
| 009 | 20260310115510.32 | ||
| 020 | |a 978-0-8203-3794-4 | ||
| 037 | |a Acervo ITESO - Biblioteca | ||
| 041 | |a ING | ||
| 082 | |a 895. 922 |b WUA | ||
| 100 | |a Waugh, Charles |e (ed.) | ||
| 245 | 1 | 0 | |a Family of Fallen Leaves : |b Stories of Agent Orange by Vietnamese Writers / |c Ed. de C. Waugh, H. Lien ; pról. de John Balaban. |
| 264 | 4 | |a Atenas, EUA : |b University of Georgia, |c 2010, c2010 | |
| 264 | 4 | |a Birmingham, EUA : |b EBSCOhost [distribución], |c 2010 | |
| 300 | |a 1 libro electrónico en línea (XIX, 181 p.) | ||
| 336 | |a datos para computadora |b cod |2 rdacontenido | ||
| 337 | |a computadora |b c |2 rdamedio | ||
| 338 | |a recurso en línea |b cr |2 rdasoporte | ||
| 506 | 1 | |a 3 licencias | |
| 520 | |a Obra que reúne doce cuentos y un ensayo de escritores vietnamitas que relatan las devastadoras consecuencias para la salud de las personas, provocadas por el producto químico conocido como agente naranja, herbicida y defoliante que Estados Unidos utilizó en la década de los sesenta durante la guerra de Vietman. | ||
| 649 | |a XX | ||
| 650 | |a Cuentos Vietnamitas | ||
| 650 | |a Ensayos Vietnamitas | ||
| 650 | |a Literatura Vietnamita - |y Siglo XX | ||
| 650 | |a Enfermedades en la Literatura | ||
| 650 | |a Guerra de Vietnam, 1961-1973 | ||
| 650 | |a Vietnam - |x Historia - |y 1945-1975 | ||
| 650 | |a Vietnam - |x Historia - |y Siglo XX | ||
| 650 | |a EUA - |x Historia - |y 1969-1974 | ||
| 650 | |a EUA - |x Historia - |y Siglo XX | ||
| 700 | |a Lien, Huy |e (edición) | ||
| 856 | 4 | 0 | |u https://ezproxy.iteso.mx/login?url=https://search.ebscohost.com/login.aspx?direct=true&scope=site&db=nlebk&db=nlabk&AN=343769 |y Ver documento en línea |
| 910 | |a Fondo General | ||
| 920 | |a Electrónicos - Libros en Línea | ||
| 930 | |a Plataforma Digital | ||
| 940 | |a Literatura | ||
| 905 | |a 205 | ||
| 901 | |a 362119-1 |b IT2 |c EBO |i C894 |u 20250521 | ||
| 901 | |a 362119-2 |b IT2 |c EBO |i C894 |u 20250521 | ||
| 901 | |a 362119-3 |b IT2 |c EBO |i C894 |u 20250521 | ||
| 902 | |a https://opac.biblio.iteso.mx/vufind/Record/000362119 | ||